[Event "DEM U18w 2024"]
[Site "Willingen GER"]
[Date "2024.05.22"]
[Round "5"]
[White "Stelter, Finja"]
[Black "Nguyen, Jenny Ha-Linh"]
[Result "1-0"]
[Termination "normal"]
[Board "7"]
[WhiteElo "1637"]
[BlackElo "1787"]
[WhiteClock "00:23:34"]
[BlackClock "00:28:48"]
[PlyCount "159"]
[WhiteFideId "16298624"]
[BlackFideId "16209729"]
[EventCountry "GER"]
[EventRounds "9"]
[EventType "swiss"]
[EventDate "2024.05.18"]

1. e4 {[%clk 01:30:59]} {[%emt 00:00:01]} e6 {[%clk 01:30:57]} {[%emt
00:00:03]} 2. d4 {[%clk 01:31:21]} {[%emt 00:00:08]} d5 {[%clk 01:31:22]}
{[%emt 00:00:05]} 3. Nd2 {[%clk 01:31:45]} {[%emt 00:00:07]} Nf6 {[%clk
01:31:44]} {[%emt 00:00:08]} 4. e5 {[%clk 01:32:07]} {[%emt 00:00:08]} Nfd7
{[%clk 01:32:09]} {[%emt 00:00:05]} 5. c3 {[%clk 01:32:22]} {[%emt 00:00:14]}
c5 {[%clk 01:32:27]} {[%emt 00:00:13]} 6. f4 {[%clk 01:32:18]} {[%emt
00:00:34]} Nc6 {[%clk 01:32:25]} {[%emt 00:00:32]} 7. Ndf3 {[%clk 01:32:38]}
{[%emt 00:00:09]} cxd4 {[%clk 01:31:43]} {[%emt 00:01:13]} 8. cxd4 {[%clk
01:32:54]} {[%emt 00:00:13]} f6 {[%clk 01:19:58]} {[%emt 00:12:15]} 9. h4
{[%clk 01:29:46]} {[%emt 00:03:37]} Be7 {[%clk 01:01:22]} {[%emt 00:19:07]} 10.
Be3 {[%clk 01:23:06]} {[%emt 00:07:09]} Nb6 {[%clk 00:49:00]} {[%emt 00:12:53]}
11. b3 {[%clk 01:16:54]} {[%emt 00:06:43]} Bd7 {[%clk 00:47:49]} {[%emt
00:01:42]} 12. Bd3 {[%clk 01:14:56]} {[%emt 00:02:26]} Qc7 {[%clk 00:44:36]}
{[%emt 00:03:43]} 13. Ne2 {[%clk 01:13:23]} {[%emt 00:02:02]} O-O {[%clk
00:38:16]} {[%emt 00:06:51]} 14. Kf2 {[%clk 01:10:29]} {[%emt 00:03:23]} f5
{[%clk 00:33:11]} {[%emt 00:05:36]} 15. Qg1 {[%clk 01:07:00]} {[%emt 00:03:59]}
h5 {[%clk 00:30:48]} {[%emt 00:02:52]} 16. Ng5 {[%clk 00:59:12]} {[%emt
00:08:18]} a5 {[%clk 00:23:39]} {[%emt 00:07:40]} 17. g4 {[%clk 00:49:58]}
{[%emt 00:09:44]} hxg4 {[%clk 00:20:55]} {[%emt 00:03:14]} 18. Qh2 {[%clk
00:45:36]} {[%emt 00:04:48]} Qd8 {[%clk 00:18:52]} {[%emt 00:02:37]} 19. h5
{[%clk 00:42:10]} {[%emt 00:03:56]} Bxg5 {[%clk 00:16:41]} {[%emt 00:02:41]}
20. fxg5 {[%clk 00:42:32]} {[%emt 00:00:08]} Qe7 {[%clk 00:15:20]} {[%emt
00:01:52]} 21. g6 {[%clk 00:40:09]} {[%emt 00:02:52]} Be8 {[%clk 00:13:57]}
{[%emt 00:01:53]} 22. Nf4 {[%clk 00:38:19]} {[%emt 00:02:20]} Nb4 {[%clk
00:10:00]} {[%emt 00:04:27]} 23. Bb1 {[%clk 00:36:49]} {[%emt 00:02:00]} Bd7
{[%clk 00:07:13]} {[%emt 00:03:17]} 24. h6 {[%clk 00:21:12]} {[%emt 00:16:07]}
Rac8 {[%clk 00:06:31]} {[%emt 00:01:11]} 25. hxg7 {[%clk 00:20:59]} {[%emt
00:00:43]} Qxg7 {[%clk 00:06:56]} {[%emt 00:00:05]} 26. Qh7+ {[%clk 00:20:54]}
{[%emt 00:00:35]} Qxh7 {[%clk 00:07:16]} {[%emt 00:00:10]} 27. Rxh7 {[%clk
00:21:18]} {[%emt 00:00:07]} Nc2 {[%clk 00:05:15]} {[%emt 00:02:31]} 28. Bxc2
{[%clk 00:19:47]} {[%emt 00:02:00]} Rxc2+ {[%clk 00:05:41]} {[%emt 00:00:04]}
29. Ke1 {[%clk 00:16:37]} {[%emt 00:03:39]} g3 {[%clk 00:03:40]} {[%emt
00:02:32]} 30. Bd2 {[%clk 00:10:37]} {[%emt 00:06:31]} a4 {[%clk 00:02:49]}
{[%emt 00:01:21]} 31. Kd1 {[%clk 00:08:59]} {[%emt 00:02:08]} Rcc8 {[%clk
00:01:44]} {[%emt 00:01:34]} 32. Nh5 {[%clk 00:07:10]} {[%emt 00:02:18]} Be8
{[%clk 00:01:59]} {[%emt 00:00:16]} 33. Nf6+ {[%clk 00:07:18]} {[%emt
00:00:22]} Rxf6 {[%clk 00:02:25]} {[%emt 00:00:04]} 34. exf6 {[%clk 00:07:36]}
{[%emt 00:00:13]} Bxg6 {[%clk 00:02:48]} {[%emt 00:00:05]} 35. Rg7+ {[%clk
00:07:54]} {[%emt 00:00:14]} Kf8 {[%clk 00:03:08]} {[%emt 00:00:10]} 36. Rxg6
{[%clk 00:08:10]} {[%emt 00:00:14]} Kf7 {[%clk 00:03:16]} {[%emt 00:00:22]} 37.
Rxg3 {[%clk 00:08:16]} {[%emt 00:00:23]} Kxf6 {[%clk 00:03:16]} {[%emt
00:00:30]} 38. Bg5+ {[%clk 00:08:10]} {[%emt 00:00:36]} Kf7 {[%clk 00:03:35]}
{[%emt 00:00:11]} 39. Kd2 {[%clk 00:08:18]} {[%emt 00:00:23]} Ra8 {[%clk
00:01:55]} {[%emt 00:02:10]} 40. Bh6 {[%clk 00:07:44]} {[%emt 00:00:58]} axb3
{[%clk 00:01:54]} {[%emt 00:00:37]} 41. Rxb3 {[%clk 00:08:00]} {[%emt
00:00:13]} Nc4+ {[%clk 00:02:17]} {[%emt 00:00:08]} 42. Kc3 {[%clk 00:07:40]}
{[%emt 00:00:49]} b6 {[%clk 00:02:39]} {[%emt 00:00:08]} 43. Kb4 {[%clk
00:06:32]} {[%emt 00:01:32]} Rh8 {[%clk 00:02:55]} {[%emt 00:00:21]} 44. Rh1
{[%clk 00:05:14]} {[%emt 00:01:48]} Rg8 {[%clk 00:02:18]} {[%emt 00:01:06]} 45.
Rbh3 {[%clk 00:04:04]} {[%emt 00:01:40]} Rg4 {[%clk 00:02:21]} {[%emt
00:00:27]} 46. Rh4 {[%clk 00:04:10]} {[%emt 00:00:24]} Rg2 {[%clk 00:02:34]}
{[%emt 00:00:17]} 47. R1h2 {[%clk 00:04:17]} {[%emt 00:00:24]} Rg1 {[%clk
00:02:30]} {[%emt 00:00:33]} 48. R2h3 {[%clk 00:03:30]} {[%emt 00:01:14]} Rg2
{[%clk 00:02:37]} {[%emt 00:00:26]} 49. Bf4 {[%clk 00:02:33]} {[%emt 00:01:21]}
Rb2+ {[%clk 00:00:55]} {[%emt 00:02:19]} 50. Rb3 {[%clk 00:01:06]} {[%emt
00:01:56]} Rxa2 {[%clk 00:01:00]} {[%emt 00:00:26]} 51. Kc3 {[%clk 00:00:45]}
{[%emt 00:00:45]} Rf2 {[%clk 00:00:45]} {[%emt 00:00:51]} 52. Bc7 {[%clk
00:29:02]} {[%emt 00:02:11]} Rf3+ {[%clk 00:29:21]} {[%emt 00:01:54]} 53. Kb4
{[%clk 00:27:02]} {[%emt 00:02:31]} Rf2 {[%clk 00:29:13]} {[%emt 00:00:38]} 54.
Kb5 {[%clk 00:26:39]} {[%emt 00:00:53]} Re2 {[%clk 00:27:54]} {[%emt 00:01:49]}
55. Bxb6 {[%clk 00:26:05]} {[%emt 00:01:05]} Nxb6 {[%clk 00:28:15]} {[%emt
00:00:09]} 56. Kxb6 {[%clk 00:26:28]} {[%emt 00:00:07]} Kf6 {[%clk 00:28:36]}
{[%emt 00:00:09]} 57. Rg3 {[%clk 00:24:29]} {[%emt 00:02:28]} Rd2 {[%clk
00:28:20]} {[%emt 00:00:47]} 58. Kc5 {[%clk 00:24:39]} {[%emt 00:00:19]} Rc2+
{[%clk 00:28:44]} {[%emt 00:00:06]} 59. Kd6 {[%clk 00:24:52]} {[%emt 00:00:17]}
Rc4 {[%clk 00:28:36]} {[%emt 00:00:38]} 60. Rh6 {[%clk 00:24:10]} {[%emt
00:01:13]} Kf7 {[%clk 00:28:43]} {[%emt 00:00:23]} 61. Rxe6 {[%clk 00:23:34]}
{[%emt 00:01:06]} Rxd4 {[%clk 00:29:04]} {[%emt 00:00:09]} 62. Re5 {[%clk
00:23:45]} {[%emt 00:00:18]} Kf6 {[%clk 00:29:00]} {[%emt 00:00:34]} 63. Rxd5
{[%clk 00:23:46]} {[%emt 00:00:29]} Ra4 {[%clk 00:27:01]} {[%emt 00:02:30]} 64.
Rf3 {[%clk 00:23:48]} {[%emt 00:00:28]} f4 {[%clk 00:27:16]} {[%emt 00:00:15]}
65. Kc5 {[%clk 00:21:14]} {[%emt 00:02:56]} Ke6 {[%clk 00:26:33]} {[%emt
00:01:20]} 66. Rd4 {[%clk 00:20:26]} {[%emt 00:01:17]} Ra5+ {[%clk 00:27:01]}
{[%emt 00:00:04]} 67. Kb6 {[%clk 00:20:28]} {[%emt 00:00:28]} Ra1 {[%clk
00:27:04]} {[%emt 00:00:27]} 68. Rfxf4 {[%clk 00:20:27]} {[%emt 00:00:31]} Rb1+
{[%clk 00:27:25]} {[%emt 00:00:08]} 69. Rb4 {[%clk 00:20:50]} {[%emt 00:00:07]}
Rc1 {[%clk 00:27:08]} {[%emt 00:00:48]} 70. Rfe4 {[%clk 00:20:52]} {[%emt
00:00:28]} Kf5 {[%clk 00:27:27]} {[%emt 00:00:10]} 71. Rbc4 {[%clk 00:20:58]}
{[%emt 00:00:24]} Rb1+ {[%clk 00:27:49]} {[%emt 00:00:09]} 72. Kc5 {[%clk
00:21:23]} {[%emt 00:00:05]} Rf1 {[%clk 00:27:58]} {[%emt 00:00:19]} 73. Re8
{[%clk 00:21:07]} {[%emt 00:00:46]} Ra1 {[%clk 00:27:52]} {[%emt 00:00:37]} 74.
Kd5 {[%clk 00:21:23]} {[%emt 00:00:14]} Rd1+ {[%clk 00:27:44]} {[%emt
00:00:38]} 75. Rd4 {[%clk 00:21:38]} {[%emt 00:00:16]} Ra1 {[%clk 00:28:07]}
{[%emt 00:00:06]} 76. Rf8 {[%clk 00:21:59]} {[%emt 00:00:09]} Kg5 {[%clk
00:28:14]} {[%emt 00:00:23]} 77. Ke5 {[%clk 00:22:22]} {[%emt 00:00:07]} Re1+
{[%clk 00:28:13]} {[%emt 00:00:31]} 78. Re4 {[%clk 00:22:43]} {[%emt 00:00:09]}
Ra1 {[%clk 00:28:30]} {[%emt 00:00:12]} 79. Rg8 {[%clk 00:23:11]} {[%emt
00:00:03]} Kh5 {[%clk 00:28:48]} {[%emt 00:00:11]} 80. Kf5 {[%clk 00:23:34]}
{[%emt 00:00:08]} 1-0

[Event "DEM U18w 2024"]
[Site "Willingen GER"]
[Date "2024.05.22"]
[Round "5"]
[White "Schmidt, Luise"]
[Black "Frowein, Jamie"]
[Result "0-1"]
[Termination "normal"]
[Board "8"]
[WhiteElo "1666"]
[BlackElo "1719"]
[WhiteClock "00:09:44"]
[BlackClock "00:29:53"]
[PlyCount "64"]
[WhiteFideId "16294475"]
[BlackFideId "16282949"]
[EventCountry "GER"]
[EventRounds "9"]
[EventType "swiss"]
[EventDate "2024.05.18"]

1. d4 {[%clk 01:30:58]} {[%emt 00:00:02]} Nf6 {[%clk 01:30:53]} {[%emt
00:00:07]} 2. c4 {[%clk 01:31:23]} {[%emt 00:00:05]} e6 {[%clk 01:31:19]}
{[%emt 00:00:04]} 3. Nc3 {[%clk 01:31:49]} {[%emt 00:00:03]} Bb4 {[%clk
01:31:44]} {[%emt 00:00:06]} 4. Qc2 {[%clk 01:32:13]} {[%emt 00:00:06]} d5
{[%clk 01:30:56]} {[%emt 00:01:18]} 5. cxd5 {[%clk 01:32:26]} {[%emt 00:00:17]}
Nxd5 {[%clk 01:25:02]} {[%emt 00:06:24]} 6. e4 {[%clk 01:26:05]} {[%emt
00:06:51]} Nxc3 {[%clk 01:20:58]} {[%emt 00:04:34]} 7. bxc3 {[%clk 01:26:27]}
{[%emt 00:00:08]} Qxd4 {[%clk 01:15:49]} {[%emt 00:05:39]} 8. Qa4+ {[%clk
01:11:57]} {[%emt 00:14:59]} Nc6 {[%clk 01:12:37]} {[%emt 00:03:43]} 9. Qxb4
{[%clk 01:05:21]} {[%emt 00:07:06]} Nxb4 {[%clk 01:12:54]} {[%emt 00:00:13]}
10. cxd4 {[%clk 01:05:41]} {[%emt 00:00:10]} Nc2+ {[%clk 01:13:15]} {[%emt
00:00:08]} 11. Kd2 {[%clk 01:05:59]} {[%emt 00:00:13]} Nxa1 {[%clk 01:13:25]}
{[%emt 00:00:20]} 12. Bb2 {[%clk 01:05:57]} {[%emt 00:00:32]} O-O {[%clk
01:13:33]} {[%emt 00:00:21]} 13. Nf3 {[%clk 01:05:15]} {[%emt 00:01:13]} b6
{[%clk 01:12:23]} {[%emt 00:01:41]} 14. Bd3 {[%clk 01:00:18]} {[%emt 00:05:26]}
Nc2 {[%clk 01:10:27]} {[%emt 00:02:26]} 15. Kxc2 {[%clk 00:56:13]} {[%emt
00:04:36]} Bb7 {[%clk 01:09:03]} {[%emt 00:01:53]} 16. Ne5 {[%clk 00:47:26]}
{[%emt 00:09:16]} f6 {[%clk 01:07:31]} {[%emt 00:02:02]} 17. Nc4 {[%clk
00:40:42]} {[%emt 00:07:15]} Rac8 {[%clk 01:02:27]} {[%emt 00:05:34]} 18. f3
{[%clk 00:39:49]} {[%emt 00:01:23]} b5 {[%clk 00:56:28]} {[%emt 00:06:28]} 19.
Na5 {[%clk 00:37:19]} {[%emt 00:03:01]} Rb8 {[%clk 00:54:46]} {[%emt 00:02:12]}
20. Ba3 {[%clk 00:32:59]} {[%emt 00:04:50]} Rfd8 {[%clk 00:51:40]} {[%emt
00:03:34]} 21. Bc5 {[%clk 00:32:41]} {[%emt 00:00:50]} Rd7 {[%clk 00:45:45]}
{[%emt 00:06:24]} 22. Bxa7 {[%clk 00:28:07]} {[%emt 00:05:05]} Ra8 {[%clk
00:44:47]} {[%emt 00:01:28]} 23. Bxb5 {[%clk 00:25:33]} {[%emt 00:03:04]} c6
{[%clk 00:41:39]} {[%emt 00:03:38]} 24. Bxc6 {[%clk 00:21:01]} {[%emt
00:05:03]} Bxc6 {[%clk 00:39:57]} {[%emt 00:02:11]} 25. Nxc6 {[%clk 00:19:31]}
{[%emt 00:02:00]} Rc7 {[%clk 00:39:44]} {[%emt 00:00:42]} 26. Kb3 {[%clk
00:18:33]} {[%emt 00:01:28]} Rxc6 {[%clk 00:39:49]} {[%emt 00:00:25]} 27. Bc5
{[%clk 00:18:33]} {[%emt 00:00:31]} Rb8+ {[%clk 00:37:10]} {[%emt 00:03:09]}
28. Kc3 {[%clk 00:16:35]} {[%emt 00:02:28]} e5 {[%clk 00:35:30]} {[%emt
00:02:10]} 29. a3 {[%clk 00:12:09]} {[%emt 00:04:57]} Ra8 {[%clk 00:29:27]}
{[%emt 00:06:32]} 30. Kd3 {[%clk 00:09:48]} {[%emt 00:02:51]} exd4 {[%clk
00:29:32]} {[%emt 00:00:25]} 31. Kxd4 {[%clk 00:09:50]} {[%emt 00:00:28]} Rd8+
{[%clk 00:29:42]} {[%emt 00:00:20]} 32. Kc4 {[%clk 00:09:44]} {[%emt 00:00:36]}
Rdc8 {[%clk 00:29:53]} {[%emt 00:00:19]} 0-1

[Event "DEM U18w 2024"]
[Site "Willingen GER"]
[Date "2024.05.22"]
[Round "5"]
[White "Fischer, Darja"]
[Black "Hellenbroich, Helene"]
[Result "1-0"]
[Termination "normal"]
[Board "9"]
[WhiteElo "1843"]
[BlackElo "1640"]
[WhiteClock "00:34:38"]
[BlackClock "00:23:31"]
[PlyCount "119"]
[WhiteFideId "16240898"]
[BlackFideId "16270754"]
[EventCountry "GER"]
[EventRounds "9"]
[EventType "swiss"]
[EventDate "2024.05.18"]

1. d4 {[%clk 01:30:58]} {[%emt 00:00:02]} Nf6 {[%clk 01:30:37]} {[%emt
00:00:24]} 2. Nf3 {[%clk 01:31:22]} {[%emt 00:00:05]} e6 {[%clk 01:30:59]}
{[%emt 00:00:09]} 3. e3 {[%clk 01:31:40]} {[%emt 00:00:12]} d5 {[%clk
01:30:32]} {[%emt 00:00:56]} 4. Bd3 {[%clk 01:32:04]} {[%emt 00:00:06]} Be7
{[%clk 01:27:47]} {[%emt 00:03:15]} 5. O-O {[%clk 01:32:24]} {[%emt 00:00:09]}
O-O {[%clk 01:28:06]} {[%emt 00:00:12]} 6. b3 {[%clk 01:32:34]} {[%emt
00:00:21]} Nbd7 {[%clk 01:25:57]} {[%emt 00:02:38]} 7. Bb2 {[%clk 01:32:50]}
{[%emt 00:00:14]} c5 {[%clk 01:24:13]} {[%emt 00:02:14]} 8. Nbd2 {[%clk
01:32:51]} {[%emt 00:00:29]} b6 {[%clk 01:19:12]} {[%emt 00:05:32]} 9. Ne5
{[%clk 01:31:11]} {[%emt 00:02:10]} Bb7 {[%clk 01:15:47]} {[%emt 00:03:55]} 10.
f4 {[%clk 01:30:18]} {[%emt 00:01:21]} a6 {[%clk 01:11:49]} {[%emt 00:04:30]}
11. Qf3 {[%clk 01:26:37]} {[%emt 00:04:10]} Qc7 {[%clk 01:05:35]} {[%emt
00:06:44]} 12. Nxd7 {[%clk 01:02:33]} {[%emt 00:24:34]} Qxd7 {[%clk 01:01:10]}
{[%emt 00:04:55]} 13. dxc5 {[%clk 00:52:31]} {[%emt 00:10:33]} bxc5 {[%clk
00:56:20]} {[%emt 00:05:20]} 14. Rad1 {[%clk 00:43:05]} {[%emt 00:09:55]} Qc7
{[%clk 00:45:51]} {[%emt 00:10:59]} 15. Qh3 {[%clk 00:27:21]} {[%emt 00:16:13]}
h6 {[%clk 00:43:30]} {[%emt 00:02:52]} 16. Bxf6 {[%clk 00:23:13]} {[%emt
00:04:38]} Bxf6 {[%clk 00:43:45]} {[%emt 00:00:14]} 17. g4 {[%clk 00:22:22]}
{[%emt 00:01:22]} Qd8 {[%clk 00:25:20]} {[%emt 00:18:56]} 18. g5 {[%clk
00:19:08]} {[%emt 00:03:44]} Bxg5 {[%clk 00:25:21]} {[%emt 00:00:29]} 19. fxg5
{[%clk 00:16:26]} {[%emt 00:03:11]} Qxg5+ {[%clk 00:25:46]} {[%emt 00:00:05]}
20. Qg3 {[%clk 00:16:27]} {[%emt 00:00:30]} Qxg3+ {[%clk 00:26:01]} {[%emt
00:00:14]} 21. hxg3 {[%clk 00:16:54]} {[%emt 00:00:03]} a5 {[%clk 00:18:38]}
{[%emt 00:07:54]} 22. e4 {[%clk 00:16:12]} {[%emt 00:01:12]} d4 {[%clk
00:18:51]} {[%emt 00:00:16]} 23. e5 {[%clk 00:15:54]} {[%emt 00:00:48]} f6
{[%clk 00:17:52]} {[%emt 00:01:29]} 24. Be4 {[%clk 00:15:31]} {[%emt 00:00:53]}
Bxe4 {[%clk 00:17:37]} {[%emt 00:00:45]} 25. Nxe4 {[%clk 00:15:56]} {[%emt
00:00:05]} Rac8 {[%clk 00:17:44]} {[%emt 00:00:24]} 26. exf6 {[%clk 00:16:17]}
{[%emt 00:00:08]} gxf6 {[%clk 00:17:15]} {[%emt 00:00:59]} 27. Nxf6+ {[%clk
00:16:42]} {[%emt 00:00:06]} Kg7 {[%clk 00:17:25]} {[%emt 00:00:19]} 28. Ne4
{[%clk 00:16:57]} {[%emt 00:00:15]} Rfd8 {[%clk 00:16:30]} {[%emt 00:01:25]}
29. Rf6 {[%clk 00:15:41]} {[%emt 00:01:46]} Rc6 {[%clk 00:16:10]} {[%emt
00:00:50]} 30. Kf2 {[%clk 00:14:14]} {[%emt 00:01:57]} c4 {[%clk 00:16:24]}
{[%emt 00:00:17]} 31. bxc4 {[%clk 00:11:16]} {[%emt 00:03:28]} Rxc4 {[%clk
00:16:49]} {[%emt 00:00:04]} 32. Rxe6 {[%clk 00:11:25]} {[%emt 00:00:21]} Rxc2+
{[%clk 00:17:08]} {[%emt 00:00:11]} 33. Rd2 {[%clk 00:11:52]} {[%emt 00:00:03]}
Rc4 {[%clk 00:11:37]} {[%emt 00:06:02]} 34. Ke2 {[%clk 00:09:39]} {[%emt
00:02:43]} Ra4 {[%clk 00:10:58]} {[%emt 00:01:08]} 35. Nc5 {[%clk 00:08:39]}
{[%emt 00:01:31]} Ra3 {[%clk 00:10:24]} {[%emt 00:01:04]} 36. Re4 {[%clk
00:07:51]} {[%emt 00:01:17]} Rd6 {[%clk 00:06:53]} {[%emt 00:04:01]} 37. g4
{[%clk 00:07:41]} {[%emt 00:00:39]} Rh3 {[%clk 00:05:05]} {[%emt 00:02:18]} 38.
Ne6+ {[%clk 00:07:30]} {[%emt 00:00:43]} Kf6 {[%clk 00:05:01]} {[%emt
00:00:33]} 39. Nxd4 {[%clk 00:07:55]} {[%emt 00:00:05]} Rh2+ {[%clk 00:02:59]}
{[%emt 00:02:32]} 40. Ke3 {[%clk 00:07:36]} {[%emt 00:00:49]} Rh3+ {[%clk
00:02:41]} {[%emt 00:00:48]} 41. Kf4 {[%clk 00:07:00]} {[%emt 00:01:05]} Ra3
{[%clk 00:27:26]} {[%emt 00:05:46]} 42. Rh2 {[%clk 00:35:51]} {[%emt 00:01:39]}
Kf7 {[%clk 00:24:39]} {[%emt 00:03:17]} 43. Nf5 {[%clk 00:35:33]} {[%emt
00:00:48]} Rf6 {[%clk 00:23:52]} {[%emt 00:01:17]} 44. Rxh6 {[%clk 00:35:00]}
{[%emt 00:01:03]} Rxh6 {[%clk 00:23:52]} {[%emt 00:00:29]} 45. Nxh6+ {[%clk
00:35:26]} {[%emt 00:00:05]} Kg6 {[%clk 00:23:55]} {[%emt 00:00:27]} 46. Re6+
{[%clk 00:35:46]} {[%emt 00:00:09]} Kh7 {[%clk 00:24:03]} {[%emt 00:00:21]} 47.
Kg5 {[%clk 00:35:35]} {[%emt 00:00:42]} Rc3 {[%clk 00:23:24]} {[%emt 00:01:10]}
48. Re7+ {[%clk 00:34:23]} {[%emt 00:01:43]} Kh8 {[%clk 00:23:45]} {[%emt
00:00:08]} 49. Rf7 {[%clk 00:34:27]} {[%emt 00:00:25]} Rc5+ {[%clk 00:24:08]}
{[%emt 00:00:08]} 50. Kg6 {[%clk 00:34:38]} {[%emt 00:00:19]} Rc6+ {[%clk
00:24:32]} {[%emt 00:00:06]} 51. Rf6 {[%clk 00:34:59]} {[%emt 00:00:09]} Rc8
{[%clk 00:24:50]} {[%emt 00:00:12]} 52. g5 {[%clk 00:34:42]} {[%emt 00:00:47]}
a4 {[%clk 00:25:11]} {[%emt 00:00:09]} 53. Ra6 {[%clk 00:33:48]} {[%emt
00:01:24]} a3 {[%clk 00:23:29]} {[%emt 00:02:12]} 54. Kh5 {[%clk 00:33:52]}
{[%emt 00:00:26]} Rc5 {[%clk 00:23:32]} {[%emt 00:00:27]} 55. Rxa3 {[%clk
00:34:03]} {[%emt 00:00:19]} Kh7 {[%clk 00:22:43]} {[%emt 00:01:19]} 56. Ra7+
{[%clk 00:34:19]} {[%emt 00:00:14]} Kh8 {[%clk 00:23:06]} {[%emt 00:00:06]} 57.
Ra8+ {[%clk 00:34:29]} {[%emt 00:00:21]} Kh7 {[%clk 00:23:25]} {[%emt
00:00:11]} 58. a4 {[%clk 00:34:52]} {[%emt 00:00:07]} Rc6 {[%clk 00:23:32]}
{[%emt 00:00:24]} 59. Ra7+ {[%clk 00:34:14]} {[%emt 00:01:07]} Kh8 {[%clk
00:23:31]} {[%emt 00:00:30]} 60. Nf7+ {[%clk 00:34:38]} {[%emt 00:00:06]} 1-0

[Event "DEM U18w 2024"]
[Site "Willingen GER"]
[Date "2024.05.22"]
[Round "5"]
[White "Luzgina, Anastasiia"]
[Black "Köpnick, Amanda"]
[Result "1-0"]
[Termination "normal"]
[Board "10"]
[WhiteElo "1665"]
[BlackElo "1636"]
[WhiteClock "00:55:22"]
[BlackClock "00:00:55"]
[PlyCount "85"]
[WhiteFideId "24280860"]
[BlackFideId "34618538"]
[EventCountry "GER"]
[EventRounds "9"]
[EventType "swiss"]
[EventDate "2024.05.18"]

1. e4 {[%clk 01:30:58]} {[%emt 00:00:02]} e5 {[%clk 01:30:56]} {[%emt
00:00:05]} 2. Nf3 {[%clk 01:31:22]} {[%emt 00:00:05]} Nf6 {[%clk 01:31:06]}
{[%emt 00:00:20]} 3. Nxe5 {[%clk 01:31:44]} {[%emt 00:00:07]} d6 {[%clk
01:31:21]} {[%emt 00:00:16]} 4. Nf3 {[%clk 01:32:10]} {[%emt 00:00:03]} Nxe4
{[%clk 01:31:37]} {[%emt 00:00:14]} 5. Nc3 {[%clk 01:32:32]} {[%emt 00:00:09]}
Nxc3 {[%clk 01:29:45]} {[%emt 00:02:22]} 6. dxc3 {[%clk 01:32:55]} {[%emt
00:00:06]} Be7 {[%clk 01:29:45]} {[%emt 00:00:31]} 7. Be3 {[%clk 01:33:18]}
{[%emt 00:00:06]} O-O {[%clk 01:28:13]} {[%emt 00:02:02]} 8. Qd2 {[%clk
01:33:43]} {[%emt 00:00:06]} Nd7 {[%clk 01:23:16]} {[%emt 00:05:27]} 9. O-O-O
{[%clk 01:34:01]} {[%emt 00:00:11]} Nf6 {[%clk 01:13:25]} {[%emt 00:10:22]} 10.
Bd3 {[%clk 01:34:12]} {[%emt 00:00:19]} c6 {[%clk 01:09:28]} {[%emt 00:04:27]}
11. Rdg1 {[%clk 01:33:55]} {[%emt 00:00:45]} Nd5 {[%clk 01:02:14]} {[%emt
00:07:46]} 12. g4 {[%clk 01:32:51]} {[%emt 00:01:34]} Nxe3 {[%clk 00:48:58]}
{[%emt 00:13:46]} 13. Qxe3 {[%clk 01:32:55]} {[%emt 00:00:25]} Be6 {[%clk
00:46:40]} {[%emt 00:02:49]} 14. a3 {[%clk 01:32:19]} {[%emt 00:01:06]} c5
{[%clk 00:45:36]} {[%emt 00:01:34]} 15. h4 {[%clk 01:32:08]} {[%emt 00:00:40]}
c4 {[%clk 00:40:54]} {[%emt 00:05:13]} 16. Bf5 {[%clk 01:19:23]} {[%emt
00:13:14]} Bd5 {[%clk 00:38:30]} {[%emt 00:02:55]} 17. g5 {[%clk 01:13:46]}
{[%emt 00:06:07]} g6 {[%clk 00:35:44]} {[%emt 00:03:16]} 18. Be4 {[%clk
01:13:05]} {[%emt 00:01:10]} Bxe4 {[%clk 00:34:46]} {[%emt 00:01:29]} 19. Qxe4
{[%clk 01:13:30]} {[%emt 00:00:06]} d5 {[%clk 00:31:21]} {[%emt 00:03:54]} 20.
Qd4 {[%clk 01:13:13]} {[%emt 00:00:44]} b6 {[%clk 00:26:20]} {[%emt 00:05:34]}
21. h5 {[%clk 01:13:24]} {[%emt 00:00:19]} Bc5 {[%clk 00:25:17]} {[%emt
00:01:32]} 22. Qh4 {[%clk 01:09:00]} {[%emt 00:04:52]} Qd6 {[%clk 00:16:56]}
{[%emt 00:08:54]} 23. hxg6 {[%clk 01:07:58]} {[%emt 00:01:32]} Qxg6 {[%clk
00:17:19]} {[%emt 00:00:07]} 24. Ne5 {[%clk 01:08:08]} {[%emt 00:00:19]} Qg7
{[%clk 00:15:58]} {[%emt 00:01:51]} 25. Nd7 {[%clk 01:04:43]} {[%emt 00:03:55]}
Rfd8 {[%clk 00:13:36]} {[%emt 00:02:53]} 26. Nf6+ {[%clk 01:05:01]} {[%emt
00:00:12]} Kf8 {[%clk 00:13:25]} {[%emt 00:00:41]} 27. Nxh7+ {[%clk 01:04:07]}
{[%emt 00:01:23]} Ke7 {[%clk 00:11:59]} {[%emt 00:01:57]} 28. Re1+ {[%clk
01:01:10]} {[%emt 00:03:26]} Kd6 {[%clk 00:11:41]} {[%emt 00:00:49]} 29. Qf4+
{[%clk 01:01:23]} {[%emt 00:00:16]} Kd7 {[%clk 00:10:23]} {[%emt 00:01:49]} 30.
Nf6+ {[%clk 01:01:29]} {[%emt 00:00:24]} Kc6 {[%clk 00:09:32]} {[%emt
00:01:21]} 31. Rh6 {[%clk 00:59:04]} {[%emt 00:02:54]} Kb7 {[%clk 00:08:34]}
{[%emt 00:01:28]} 32. Qf5 {[%clk 00:58:41]} {[%emt 00:00:52]} Qf8 {[%clk
00:05:02]} {[%emt 00:04:03]} 33. Rh7 {[%clk 00:58:26]} {[%emt 00:00:45]} Rac8
{[%clk 00:03:31]} {[%emt 00:02:03]} 34. Nxd5 {[%clk 00:56:32]} {[%emt
00:02:23]} Qd6 {[%clk 00:02:20]} {[%emt 00:01:41]} 35. Qxf7+ {[%clk 00:56:02]}
{[%emt 00:00:59]} Kc6 {[%clk 00:02:10]} {[%emt 00:00:40]} 36. Rh6 {[%clk
00:53:26]} {[%emt 00:03:05]} Qxh6 {[%clk 00:01:00]} {[%emt 00:01:42]} 37. gxh6
{[%clk 00:53:47]} {[%emt 00:00:09]} Rxd5 {[%clk 00:01:21]} {[%emt 00:00:08]}
38. Qe6+ {[%clk 00:54:05]} {[%emt 00:00:09]} Rd6 {[%clk 00:01:09]} {[%emt
00:00:46]} 39. Qxc8+ {[%clk 00:54:29]} {[%emt 00:00:05]} Kb5 {[%clk 00:00:56]}
{[%emt 00:00:44]} 40. Qb7 {[%clk 00:54:26]} {[%emt 00:00:32]} Bxf2 {[%clk
00:00:47]} {[%emt 00:00:39]} 41. Re5+ {[%clk 00:54:46]} {[%emt 00:00:10]} Bc5
{[%clk 00:01:02]} {[%emt 00:00:16]} 42. a4+ {[%clk 00:55:00]} {[%emt 00:00:16]}
Ka5 {[%clk 00:00:55]} {[%emt 00:00:37]} 43. Qxa7# {[%clk 00:55:22]} {[%emt
00:00:07]} 1-0